انوار انبیاء (Record no. 612461)
[ view plain ]
| 000 -LEADER | |
|---|---|
| fixed length control field | 00284nam a22001097a 4500 |
| 040 ## - CATALOGING SOURCE | |
| Transcribing agency | Nust |
| 082 ## - DEWEY DECIMAL CLASSIFICATION NUMBER | |
| Classification number | 297.6 |
| Author Mark | ANW'A |
| 245 ## - TITLE STATEMENT | |
| Title | انوار انبیاء |
| 260 ## - PUBLICATION, DISTRIBUTION, ETC. | |
| Place of publication, distribution, etc. | Hyderabad: |
| Name of publisher, distributor, etc. | Sheikh Ghulam Ali ans Sons, |
| Date of publication, distribution, etc. | 1995. |
| 650 ## - SUBJECT ADDED ENTRY--TOPICAL TERM | |
| Topical term or geographic name entry element | انوار انبیاء |
| 9 (RLIN) | 126022 |
| 942 ## - ADDED ENTRY ELEMENTS (KOHA) | |
| Source of classification or shelving scheme | |
| Koha item type | Book |
| Withdrawn status | Lost status | Source of classification or shelving scheme | Damaged status | Not for loan | Permanent Location | Current Location | Shelving location | Date acquired | Total Checkouts | Full call number | Barcode | Date last seen | Price effective from | Koha item type |
|---|---|---|---|---|---|---|---|---|---|---|---|---|---|---|
| College of Electrical & Mechanical Engineering (CEME) | College of Electrical & Mechanical Engineering (CEME) | General Stacks | 12/31/2024 | 297.6 ANW'A | CEME- 31315 | 12/31/2024 | 12/31/2024 | Book |
